000 00824pam a2200277 a 4500
008
020 _a0813815223
049 _aMAIN
090 _aSB191.M2
_bHAL
100 1 _aHallauer, Arnel R.
245 1 0 _aQuantitative genetics in maize breeding /
_cArnel R. Hallauer, J.B. Miranda, Fo.
250 _a2nd ed.
260 _aAmes :
_bIowa State University Press,
_c1988.
300 _axii, 468 p. :
_bill. ;
_c26 cm.
504 _aIncludes bibliographical references.
500 _aIncludes index.
650 0 _aCorn
_xBreeding.
650 0 _aCorn
_xGenetics.
650 0 _aQuantitative genetics.
700 1 _aMiranda Filho, J. B.
907 _a.b10002546
_b23-03-12
_c17-04-03
003
005 20230123133807.0
040 _cNUST
942 _cBOOKS
_kSB191.M2
_mHAL
999 _c154744
_d154744